000 00548nam a22001937a 4500
005 20260515114858.0
008 210123b ||||| |||| 00| 0 eng d
020 _a8178243431
040 _aIN-DiNC
_cIN-DiNC
041 _deng
082 _a954.162
_bSHA
100 _aSharma, Jayeeta
_eauthor
245 _aEmpire's garden:
_bAssam and the making of India/
_cby Jayeeta Sharma
260 _aRanikhet:
_bPermanent black,
_c2012
300 _a325p.
650 _aHistory of Assam
650 _aHistory of Tea industry in Assam
942 _2ddc
_cBK
999 _c11118
_d11118